Biochemische Zeitscrift: Beiträge zur chemischen Physiologie und Pathologie

Dettagli Bibliografici
Lingua:tedesco
Pubblicazione: Berlin, Verlag von Julius Springer, 1912
Soggetti:
Natura: MixedMaterials Libro
KOHA link:https://koha.lib.tpu.ru/cgi-bin/koha/opac-detail.pl?biblionumber=174326

MARC

LEADER 00000nam0a2200000 4500
001 174326
005 20231031164638.0
035 |a (RuTPU)RU\TPU\book\189041 
090 |a 174326 
100 |a 20100126d1912 k y0rusy50 ca 
101 0 |a ger 
102 |a DE 
105 |a y z 001zy 
200 1 |a Biochemische Zeitscrift  |e Beiträge zur chemischen Physiologie und Pathologie 
210 |a Berlin  |c Verlag von Julius Springer  |d 1912 
215 |a 508 с. 
320 |a Autorenregister: p. 507-508. 
610 1 |a биохимия 
610 1 |a физиология 
610 1 |a патология 
610 1 |a немецкий язык 
675 |a 577  |v 3 
801 1 |a RU  |b 63413507  |c 20100126 
801 2 |a RU  |b 63413507  |c 20100921  |g RCR 
942 |c BK